000 00804nam a2200265Ia 4500
001 Para_2776
003 CHAP
008 220125s1978 xx 000 0 und d
010 _a201234
040 _cCHAP
082 _aPA 589.225 C85
100 _aCummins, George Baker
_930429
245 _aRust fungi on legumes and composites in North America /
_c by George Baker Cummins
260 _aTucson, Arizona :
_b University of Arizona
300 _a424 p.
650 _aUredinales Legumbres
_x Enfermedades por hongos Compuestas
_x Enfermedades
_9166111
710 _aUniversity of Arizona
_9116686
901 _aPA 589.225 C85
902 _aA
905 _a0000001978 TUC 0000000000 00
910 _a1978
942 _cPARA
942 _cPARA
_d1
999 _c201234
_d201234